000 00435nam a2200181Ia 4500
001 24173
005 20260414151026.0
008 260414t2010||||xx |||||||||||||| ||spa||
041 _aESP
082 _a791.4375
_bL764
100 _aLloyd, Ann
_eAUT
245 0 _a501 películas que no puedes dejar de ver
_b
260 _c2010
300 _a544 páginas :
_c23 cm.
650 _aABD
654 _aCAU
942 _cLIB
_dJUS
_fJUS
_2ddc
_n
999 _c24173
_d24173